5-Letter Ends in 'T' Quiz Stats

 Plays Quiz Updated Feb 11, 2016

Challenge
Share
Tweet
Embed
Score 0/25 Timer 04:00
3 Plays Today
5-Letter Word % Correct
Ppilot
95.2%
Oorbit
93.8%
Qquiet
93.6%
Vvomit
93%
Wwaist
92.9%
Yyeast
92%
MMonet
91.7%
Ddigit
90.7%
Fflint
90.2%
Ssight
89.3%
Aaudit
88.1%
Hhaunt
88%
Kkarat
87.8%
5-Letter Word % Correct
Rrobot
87.8%
Eerupt
87.4%
Uupset
76.8%
Ggaunt
73.2%
TTarot
72%
Iinert
70.6%
Llimit
61.3%
Jjoist
61%
ZZagat
50.5%
Nnonet
46.4%
BBeast
45.6%
Ccaret
42.7%

You're not logged in!

Compare scores with friends on all Sporcle quizzes.
OR
Log In

You Might Also Like...

Show Comments

Extras

Top Quizzes Today


Score Distribution

Your Account Isn't Verified!

In order to create a playlist on Sporcle, you need to verify the email address you used during registration. Go to your Sporcle Settings to finish the process.

Report this User

Report this user for behavior that violates our Community Guidelines.

Details: